Publicaciones y postergaciones: Carlos Luis Fallas y el partido comunista de Costa Rica (1940-1954) /
El presente artículo se propone explorar posibles áreas de tensión y conflicto entre Carlos Luis Fallas (escritor comunista costarricense) y el Partido Comunista de Costa Rica, relacionadas en particular con la postergación de la publicación de algunos de sus textos narrativos. De esta manera, son a...
Guardat en:
| Autor principal: | |
|---|---|
| Format: | Text |
| Matèries: | |
| Etiquetes: |
Afegir etiqueta
Sense etiquetes, Sigues el primer a etiquetar aquest registre!
|
MARC
| LEADER | 00000 a a2200000 04500 | ||
|---|---|---|---|
| 001 | 45657 | ||
| 003 | |||
| 040 | |a CRAI/IIS |c CRAI/IIS | ||
| 100 | |a Molina Jiménez, Iván | ||
| 245 | |a Publicaciones y postergaciones: |b Carlos Luis Fallas y el partido comunista de Costa Rica (1940-1954) / |c Iván Molina Jiménez | ||
| 520 | |a El presente artículo se propone explorar posibles áreas de tensión y conflicto entre Carlos Luis Fallas (escritor comunista costarricense) y el Partido Comunista de Costa Rica, relacionadas en particular con la postergación de la publicación de algunos de sus textos narrativos. De esta manera, son analizados los dos períodos fundamentales (1940-1942 y 1950-1951) de su producción literaria. Igualmente se analiza por qué Fallas, pese a que había terminado antes la redacción de Mi Madrina y de El Taller, optó por diferir su publicación y priorizar la impresión de Marcos Ramírez. Finalmente, y además, se proponen algunas explicaciones sobre las razones por las cuales postergó la publicación del cuento Barreteros y la novela Gentes y gentecillas, así como de los motivos del Partido Comunista de dejar de promover Mamita Yunai. | ||
| 590 | |a AMB/MAYO2014 | ||
| 650 | |a HISTORIA | ||
| 650 | |a LITERATURA | ||
| 650 | |a COMUNISMO | ||
| 650 | |a REPRESION (CIDCACS) | ||
| 650 | |a COSTA RICA | ||
| 773 | |g volumen9, número10 (2012), páginas 127-145 | ||
| 999 | |c 18347 |d 18347 | ||
